000 00701nam a2200289Ia 4500
005 20260324134731.0
008 008 260324s9999 xx 000 0 eng d
020 _a9781003448228
037 _aEBOOK
040 _aCRL
040 _beng
040 _cCRL
041 _2eng
041 _aeng
084 _qCRL
100 _aSusan El-Shamy
_91189801
245 0 _aTraining Games
245 0 _bEverything You Need to Know About Using Games to Reinforce Learning
260 _bTaylor and Francis
260 _c2001
365 _a
365 _b120
856 _uhttp://www.taylorfrancis.com/books/9781003448228
942 _cEBOOK
999 _c1798328
_d1798328